| 000 | 00935naa a2200277 c 4500 | ||
|---|---|---|---|
| 001 | 34067 | ||
| 003 | ES-MaCES | ||
| 005 | 20040430100700.0 | ||
| 008 | 040430n2003 fr t 000 | fre d | ||
| 035 | _aCES20040003429v | ||
| 040 |
_aES-MaCES _bspa _cES-MaCES |
||
| 245 | 0 | 2 |
_aL'identité masculine _b: permanences et mutations _cDossier réalisé par Françoise Rault |
| 504 | _aBibliografía: p. 117-118 | ||
| 650 | 4 |
_aconflicto _927304 |
|
| 650 | 4 |
_aemancipación _931694 |
|
| 650 | 4 |
_amujeres _928657 |
|
| 650 | 4 |
_acambio social _927286 |
|
| 650 | 4 |
_apapel social _927285 |
|
| 650 | 4 |
_ahombres _928655 |
|
| 653 | 1 | 0 | _aAsuntos Sociales |
| 700 | 1 |
_aRault, Françoise _eed. lit. _921767 |
|
| 773 | 0 |
_tProblèmes politiques et sociaux _gnº 895 (déc. 2003){10076 R. 055409}; 118 p. _w(ES-MaCES)25095 _934057 |
|
| 902 | _aMON Monográfico de revista | ||
| 942 |
_2CES _cAR _h3.3. |
||
| 999 |
_c34067 _d34067 |
||